| LEADER | 00716nam a2200289Ia 4500 | ||
|---|---|---|---|
| 008 | 240830s9999 xx 000 0 und d | ||
| 020 | |a 970-10-6101-2 | ||
| 040 | |a B-ESTELÍ- RUACS / 620.1123 B415 | ||
| 041 | |a spa | ||
| 082 | |a 620.1123 B415 | ||
| 100 | 1 | |a Beer, Ferdinand P. | |
| 100 | 1 | |b Johnston, Russell E. | |
| 100 | 1 | |c Dewolf, John T. | |
| 245 | 1 | 0 | |a Mecánica de materiales |
| 250 | |a 4a ed. | ||
| 260 | |a México |b McGraw-Hill |c 2007 | ||
| 300 | |a 788 p.: il. | ||
| 650 | 7 | |a MECÁNICA DE MATERIALES | |
| 650 | 7 | |b ESFUERZO | |
| 650 | 7 | |c TORSIÓN | |
| 650 | 7 | |d FLEXIÓN | |
| 650 | 7 | |e VIGAS | |
| 650 | 7 | |f COLUMNAS | |
| 650 | 7 | |g ENERGÍA | |
| 942 | |c BK |2 ddc | ||
| 991 | |a TEXTO | ||
| 999 | |c 11180 | ||